A Hervis Sport és Divatkereskedelmi Kft. tevékenységének és vásárlói szokásainak a vizsgálata

Bibliographic Details
Main Author: Farkas Laura
Other Authors: Fabula László
Format: Thesis
Kulcsszavak:Hervis
Vásárlói szokások
Vállalkozás tevékenysége
Online Access:http://dolgozattar.uni-bge.hu/20154

MARC

LEADER 00000nta a2200000 i 4500
001 dolg20154
005 20190903163211.0
008 190429suuuu hu om 000 hun d
040 |a BGE Dolgozattár Repozitórium  |b hun 
041 |a hu 
100 1 |a Farkas Laura 
245 1 2 |a A Hervis Sport és Divatkereskedelmi Kft. tevékenységének és vásárlói szokásainak a vizsgálata  |c Farkas Laura  |h [elektronikus dokumentum] 
246 1 1 |a A Hervis Sport és Divatkereskedelmi Kft. tevékenységének és vásárlói szokásainak a vizsgálata 
695 |a Hervis 
695 |a Vásárlói szokások 
695 |a Vállalkozás tevékenysége 
700 1 |a Fabula László  |e ths 
856 4 0 |u http://dolgozattar.uni-bge.hu/20154/1/Farkas%20Laura_D4PHPR_KM.pdf  |z Dokumentum-elérés 
856 4 0 |u http://dolgozattar.uni-bge.hu/20154/7/Scanned_from_a_Lexmark_Multifunction_Product2019-04-23-145852.pdf  |z Dokumentum-elérés